Statistiques concernant Paroles - La femme chocolat - Olivia Ruiz

Cliquez ici pour prendre le quiz!

Statistiques générales

  • Ce quiz a été pris 354 fois
  • Le résultat moyen est 104 sur 147

Statistiques - réponses

Paroles% Correct
chocolat...
97%
chocolat
97%
la
97%
le
97%
Le
97%
les
96%
à
95%
A
95%
de
94%
moi
93%
hanches
92%
J'ai
91%
mangé
90%
hache
89%
me
89%
te-
88%
trop
88%
femme
87%
Taille-
87%
des
85%
C'est
82%
c'est
82%
Je
82%
je
82%
mes
77%
temps
77%
grandes
73%
métamorphoses
73%
s'il-
73%
s'il
73%
en
71%
faut
71%
plaît
71%
seins
71%
Au
70%
Croque
70%
tout
70%
peau
69%
petits
69%
Tu
69%
tu
69%
Et
67%
et
67%
bout
65%
du
65%
os,
64%
un
64%
Un
64%
deviens
60%
qui
59%
chaud...
57%
pour
56%
lèvres
55%
coule
54%
pointues
54%
dodues
52%
sang
52%
baisers
50%
manges
50%
rouge
50%
argenté
49%
framboisier
47%
noisettes,
46%
Pousse
46%
jour
43%
couper...
42%
Pourrais-
42%
Une
42%
Deux
41%
m'embrasser
41%
transformerai
40%
entrouvertes
38%
vais
37%
Nutella
36%
ciel
35%
crac !
35%
entre
35%
m'envoler
35%
gonfler...
34%
Mais
34%
force
33%
sur
33%
travers
33%
S'insinuent,
32%
dents
28%
Pétris-
28%
éclairs
27%
attendant
25%
fondre
25%
baillerai
24%
comète
23%
Laisse
23%
plantée
21%
terre,
21%

Distribution des résultats

Percentile par nombre de réponses

% des personnes avec chaque résultat

Votre développement - résultats

Vous n’avez pas pris ce quiz